| 000 | 00724nam a2200253 a 4500 | ||
|---|---|---|---|
| 001 | 000024082 | ||
| 003 | DO-SdBNP | ||
| 005 | 20240126132442.0 | ||
| 007 | ta | ||
| 008 | 110118s1968 sp r 001 0 spa d | ||
| 040 |
_aDO-SdBNP _bspa _cBNPHU _erda |
||
| 049 | _aBNGR | ||
| 082 | 4 |
_a861.2 _bM285p _222 |
|
| 100 | 1 |
_aManrique, Jorge _949474 |
|
| 245 | 1 | 0 |
_aPoesías completas / _cJorge Manrique ; prólogo Enrique Azcoaga. |
| 260 |
_aMadrid : _bEDAF, _c1968. |
||
| 300 |
_a187 p. ; _c18.5 cm. |
||
| 490 | 1 |
_aBiblioteca EDAF ; _v77 |
|
| 650 | 4 |
_aPoesía española _9631 |
|
| 650 | 4 |
_aLiteratura española _9632 |
|
| 700 | 1 |
_aAzcoaga, Enrique, _epról. _949475 |
|
| 830 | 0 |
_aBiblioteca EDAF ; _n77 _949476 |
|
| 942 |
_2ddc _cLBS1 |
||
| 999 |
_c23577 _d23577 |
||